|
|
|
|
| LEADER |
00000cam a2200000 7i4500 |
| 001 |
0000034838 |
| 005 |
20121015.0 |
| 008 |
121015 |
| 020 |
|
|
|a 9671016107
|
| 090 |
0 |
0 |
|a 650.13
|b SOO
|
| 100 |
1 |
|
|a Soon SL
|
| 245 |
1 |
0 |
|a Build the bridge first :
|b an inspiring story on how to build great relationships with co-worker & customers and lead your team in ways you never thought possible
|c Soon SL
|
| 260 |
|
|
|a Selangor :
|b Soon See Leak ,
|c 2010
|
| 650 |
|
0 |
|a Business communication
|
| 650 |
|
0 |
|a Customer relations
|
| 650 |
|
0 |
|a Interpersonal relations
|
| 999 |
|
|
|a 0001158975
|b Book
|c Adult Collection
|e Perbadanan Perpustakaan Awam Johor
|